000 00742nam a22002417a 4500
003 OSt
005 20251126104546.0
008 251126b |||||||| |||| 00| 0 eng d
020 _a 978-1-59184-377-1
040 _aDWCL-Admin lib
_cOC
082 _aCirc. 658.409 K42e 2011
100 _aKessler, Andy
245 _a Eat people and other unapologetic rules for game-changing entrepreneurs /
_cAndy Kessler
260 _a N.Y. :
_bPenguin Group,
_cc2011
300 _a ix, 243 p. ;
_c24 cm.
504 _aIncludes index.
650 _a1. Economics
650 _a2. Entrepreneurship.
650 _a3. New products.
650 _a4. Technological innovations-Economic aspects
650 _a5. Value
942 _2ddc
_cBK-CIRC
_kCirc.
_n0
999 _c6371
_d6371